[Event "HokkaidoCh2018"]
[Site "?"]
[Date "2018.03.24"]
[Round "3.6"]
[White "SATO, Yasuji"]
[Black "KOYAHATA, Taku"]
[Result "0-1"]
[WhiteElo "1614"]
[BlackElo "1391"]
[Annotator "Fritz 15 (30s)"]
[PlyCount "110"]
[SourceDate "2018.03.25"]

{B50: Sicilian: 2...d6, Miscellaneous} 1. e4 c5 2. Nf3 d6 3. Bc4 Nc6 4. c3 Nf6
5. d4 Nxe4 (5... cxd4 6. cxd4 Nxe4 7. d5 Qa5+ (7... Ne5 8. Nxe5 dxe5 9. Qe2 Nd6
10. Bb3 f6 11. f4 e4 12. Nc3 f5 13. Be3 g6 14. Bd4 Rg8 15. O-O-O Bg7 16. Be5
Bd7 17. g4 Qb6 18. h4 O-O-O 19. h5 g5 20. Kb1 Kb8 21. gxf5 Bxf5 22. Na4 {
Tleptsok,R (2204)-Georgiadis,N (2468) Dubai 2015 0-1 (33)}) 8. Bd2 Nxd2 9.
Nbxd2 Ne5 10. Nxe5 dxe5 11. Qe2 Bd7 12. O-O Rc8 13. Rac1 g6 14. Qxe5 Rg8 15.
Ne4 Bg7 16. Nd6+ Kf8 17. Qf4 Bf6 18. Nxc8 Bxc8 19. d6 Kg7 20. dxe7 {Cicak,S 
(2530)-Zhigalko,A (2532) Warsaw 2006 1-0 (51)}) 6. O-O cxd4 7. Nxd4 $146 (7.
Re1 d5 8. Bb3 Nc5 9. Bf4 Bg4 10. h3 Bxf3 11. Qxf3 Nxb3 12. axb3 g6 13. Na3 Bg7
14. Nb5 O-O 15. cxd4 a6 16. Nc3 Nxd4 17. Qd3 Nxb3 18. Rad1 e6 19. Ne4 Qb6 20.
Ng5 Nc5 21. Qe3 Nd7 {Tkachenko,V (2231)-Lukjanenko,A (2378) Voronezh 2008 0-1})
7... g6 {Prevents intrusion on f5} (7... Nf6 $5 $15 {should be investigated
more closely}) 8. Re1 $11 {White threatens to win material: Re1xe4} Nf6 {
White has an active position} 9. Bb5 {White threatens to win material: Bb5xc6}
(9. Nb5 e6 10. Bf4 Ne5 $14) 9... Bd7 $11 {White has an active position} 10. Nd2
(10. Bxc6 $142 bxc6 11. Qf3 $11) 10... Qb6 $4 {releasing the pressure on the
opponent} (10... Nxd4 11. Bxd7+ Qxd7 12. cxd4 $17) 11. N2f3 $4 {letting the
wind out of his own sails} (11. Nc4 $142 {and White is on the road to success}
Qc7 12. Nxc6 $18) 11... Bg7 $15 12. Bf4 (12. Nxc6 Bxc6 13. Bxc6+ Qxc6 $15)
12... O-O $17 13. Bxc6 Bxc6 14. Rxe7 $2 (14. Nxc6 bxc6 15. Qc2 $17) 14... Bxf3
$4 {Black loses the upper hand} (14... Nd5 $5 15. Nxc6 Qxc6 $19) 15. Nxf3 (15.
Qxf3 $142 $5 {has some apparent merit} Qxb2 16. Rd1 Qxa2 17. Rxb7 $15) 15...
Qxb2 $17 16. Qe1 $2 (16. Re2 $142 $5 Qxc3 17. Rc1 $17) 16... Nd5 $19 17. Re2 $4
{terrible, but what else could White do to save the game?} (17. Rb1 Qxa2 18.
Re2 $19) 17... Qxc3 18. Bd2 (18. Qxc3 {doesn't change the outcome of the game}
Bxc3 19. Rb1 Nxf4 20. Rc2 $19) 18... Qc8 (18... Qxa1 $142 {it becomes clear
that Black will call all the shots} 19. Qxa1 Bxa1 $19) 19. Rc1 Qd7 20. Rc2 Rfe8
21. Bg5 (21. h3 b5 $19) 21... Rxe2 (21... Nc3 22. Re3 Rac8 23. Rxe8+ Rxe8 24.
Be3 $19) 22. Rxe2 b6 23. Qd2 Nf6 24. Bh6 (24. h3 Rc8 $19) 24... Re8 25. Bxg7
Kxg7 26. Rxe8 Nxe8 27. Qd4+ Nf6 28. g4 $4 {leading to a quick end} (28. h3 $19)
28... Qxg4+ 29. Qxg4 Nxg4 30. Nd4 Kf6 31. Nc6 (31. f3 {doesn't do any good} Ne5
$19) 31... a6 32. Nb4 Kf5 33. Nxa6 d5 34. Nb4 (34. Kg2 {does not save the day}
Ne5 35. Nc7 d4 $19) 34... d4 35. h3 (35. f3 {does not help much} Ne5 36. Kf2 g5
$19) 35... Ne5 36. Nd5 d3 37. Kf1 b5 38. Ke1 (38. Nc7 $19 {a fruitless try to
alter the course of the game}) 38... Kg5 (38... Nf3+ {keeps an even firmer grip
} 39. Kd1 h5 40. Nc7 $19) 39. Kd2 $4 {what a pity, victory was in sight} (39.
f4+ $142 {would be a reprieve} Kh4 40. fxe5 Kxh3 41. Kd2 $11) 39... Kh4 $19 40.
Nf4 (40. f4 {is one last hope} Nd7 41. Kxd3 Kxh3 42. Ke2 $19) 40... g5 41. Nxd3
(41. Nd5 {praying for a miracle} Kxh3 42. Nf6 $19) 41... Nxd3 42. Kxd3 Kxh3 43.
Kc3 Kg4 44. Kb4 h5 45. Kxb5 (45. Kc5 {does not improve anything} h4 46. a3 h3
47. Kd4 Kf3 48. Ke5 Kxf2 49. Kd5 g4 50. Kd4 g3 51. Kc5 g2 52. Kc6 h2 53. Kxb5
h1=Q 54. a4 g1=Q 55. Kc5 Ke2+ 56. Kb5 Qd5+ 57. Ka6 Qgc5 58. a5 Qdc6#) 45... h4
46. a4 h3 47. a5 h2 48. f3+ (48. Kc4 {cannot change destiny} h1=Q 49. Kd4 Qc6
50. a6 Qxa6 51. Kc3 Kf3 52. Kb2 Qc4 53. Ka3 Ke4 54. Kb2 Kd3 55. f3 Qc2+ 56. Ka3
Kc4 57. f4 Qb3#) 48... Kxf3 49. a6 (49. Kc6 {does not solve anything} h1=Q 50.
Kb5 Qh6 51. a6 Kf4 52. a7 Qh8 53. Ka6 Qa8 54. Ka5 Qxa7+ 55. Kb5 Ke5 56. Kc4
Qd4+ 57. Kb3 Kd5 58. Kc2 Kc4 59. Kb1 Qd2 60. Ka1 Kc3 61. Kb1 Qb2#) 49... h1=Q
50. a7 (50. Kb6 {cannot undo what has already been done} Ke2 51. Kc5 Qh3 52. a7
Qc3+ 53. Kb6 Qc8 54. a8=N Qxa8 55. Kc7 Qe8 56. Kd6 Kd2 57. Kc7 Kd3 58. Kb6 Qe7
59. Kb5 Qd6 60. Ka4 Kc4 61. Ka5 Qh6 62. Ka4 Qa6#) 50... Ke3 51. Kb6 Qd5 (51...
Qa8 52. Kc7 g4 53. Kd7 g3 54. Kc7 g2 55. Kd6 g1=Q 56. Kc7 Qa1 57. Kb6 Qe5 58.
Ka6 Qc6#) 52. Kc7 (52. a8=N {doesn't get the cat off the tree} Qxa8 53. Kc5 Qb7
54. Kd6 Kd3 55. Ke5 Qa6 56. Kf5 Qe6+ 57. Kxg5 Ke3 58. Kh4 Kf4 59. Kh5 Qh3#)
52... Qa8 53. Kb6 (53. Kd7 {cannot change what is in store for White} Qxa7+ 54.
Kc6 Kd3 55. Kd6 Kc4 56. Kc6 Qe7 57. Kb6 Qd7 58. Ka6 Kc5 59. Ka5 Qb5#) 53... Kd4
54. Ka6 (54. Kc7 {doesn't get the bull off the ice} g4 55. Kb6 g3 56. Kc7 g2
57. Kb6 g1=Q 58. Kb5 Qb7+ 59. Ka4 Qa1#) 54... Kc5 55. Ka5 Qxa7# 0-1

[Event "HokkaidoCh2018"]
[Site "?"]
[Date "2018.03.24"]
[Round "3.8"]
[White "MATSUMOTO, Kenshin"]
[Black "ITO, Katsuhide"]
[Result "1-0"]
[WhiteElo "1471"]
[BlackElo "1282"]
[Annotator "Fritz 15 (30s)"]
[PlyCount "61"]
[SourceDate "2018.03.25"]

{D08: Albin Counter Gambit} 1. d4 d5 2. c4 e5 3. dxe5 d4 4. Nf3 Nc6 5. e3 (5.
Bd2 Bg4 6. Bg5 Qd7 7. Nbd2 h6 8. Bh4 Bxf3 9. Nxf3 Bb4+ 10. Nd2 Nxe5 11. Qb3 Qe6
12. Qxb4 Nd3+ {0-1 (12) Sushkov,A (2333)-Afromeev,V (2542) Tula 2003}) 5...
Bb4+ 6. Bd2 Bg4 $146 (6... dxe3 7. fxe3 Bg4 8. Bxb4 (8. Nc3 Nge7 9. a3 Bxc3 10.
Bxc3 O-O 11. Qxd8 Raxd8 12. Be2 Ng6 13. Kf2 Rfe8 14. Rad1 Rxd1 15. Rxd1 Kf8 16.
h3 Bc8 17. Nd4 Ncxe5 18. Bb4+ Kg8 19. Nb5 Bd7 20. Nxc7 Rc8 21. Nd5 Ba4 22. Rd2
h6 {Schischke,R (2290)-Kalka,A (2305) Germany 1997 1/2-1/2 (45)}) 8... Qxd1+ 9.
Kxd1 Nxb4 10. a3 (10. h3 O-O-O+ 11. Nbd2 Bh5 12. g4 Bg6 13. Nd4 Ne7 14. Bg2 c5
15. Nb5 Nc2 16. Ke2 Nxa1 17. Rxa1 Nc6 18. Bxc6 bxc6 19. Nd6+ Kc7 20. Nb3 f6 21.
Nxc5 fxe5 22. Nf5 Bf7 23. b3 Kb6 24. Na4+ Ka5 {Galliamova,A (2478)
-Lomineishvili,M (2364) Kutansi 2015 1-0 (64)}) 10... Nc6 11. Nbd2 Bxf3+ 12.
gxf3 Nxe5 {1/2-1/2 (12) Szaz,F (2201)-Andi,P (2189) Hungary 2008}) (6... dxe3
$5 {must be considered} 7. fxe3 Nh6 $11) 7. Bxb4 $16 Bxf3 8. gxf3 dxe3 $4 {
strolling merrily down the path to disaster.} (8... Nxb4 $142 9. Qb3 a5 $14) 9.
Qxd8+ $18 Rxd8 10. Bc3 exf2+ 11. Kxf2 Nge7 12. Na3 a6 13. Bg2 (13. Nc2 {
seems even better} Ng6 14. Kg3 Nf8 $18) 13... Ng6 14. Rhe1 Nf4 15. Bf1 O-O (
15... Ke7 {doesn't change anything anymore} 16. Nc2 $18) 16. Nc2 Rfe8 17. Rad1
b5 (17... h6 $18 {is still a small chance}) 18. cxb5 axb5 19. Bxb5 Re6 (19...
Ne7 {is not the saving move} 20. Bxe8 Rxe8 21. Ne3 $18) 20. Bxc6 Rxd1 (20...
Nd3+ {is no salvation} 21. Ke3 Rxc6 22. a4 $18) 21. Rxd1 h6 22. Be4 (22. Rd8+
$142 {might be the shorter path} Kh7 23. Be4+ g6 $18) 22... Ng6 23. Rd8+ Kh7
24. Rd7 (24. f4 Rb6 25. f5 Nxe5 26. Bxe5 f6 27. Nd4 Rxb2+ 28. Ne2 Rd2 29. Rxd2
h5 30. h4 fxe5 31. Rd8 c5 32. f6+ g6 33. Rc8 c4 34. Nc3 Kh6 35. Rh8#) 24... Kg8
25. Bxg6 Rxg6 26. Rxc7 Ra6 27. Nb4 Ra8 28. e6 $1 {Deflection: f7} Rf8 (28...
fxe6 29. Re7 {Decoy Double attack} (29. Bxg7 {Discovered attack}) (29. Rxg7+ {
Deflection Pinning})) 29. e7 Re8 30. Rd7 Kh7 31. Nc6 (31. Nc6 h5 32. Rd8 f6 33.
Rxe8 h4 34. Rh8+ Kxh8 35. e8=Q+ Kh7 36. Ne7 g5 37. Qg6+ Kh8 38. Bxf6#) 1-0

[Event "HokkaidoCh2018"]
[Site "?"]
[Date "2018.03.24"]
[Round "3.9"]
[White "IKEDA, Naoto"]
[Black "WILLIAMS, Richard"]
[Result "1-0"]
[WhiteElo "1317"]
[BlackElo "1209"]
[Annotator "Fritz 15 (30s)"]
[PlyCount "103"]
[SourceDate "2018.03.25"]

{D60: Queen's Gambit Declined: Classical: Unusual White 7th moves} 1. d4 Nf6 2.
c4 e6 3. Nc3 c6 4. Nf3 d5 5. Bg5 h6 6. Bh4 Be7 7. e3 O-O 8. Bd3 Nbd7 9. O-O g6
$146 {Consolidates f5} (9... a6 10. cxd5 cxd5 (10... exd5 11. Qc2 Re8 12. Nd2
Nh5 13. Bxe7 Qxe7 14. Rab1 Qd6 15. b4 b5 16. Be2 Nhf6 17. e4 dxe4 18. Ndxe4
Nxe4 19. Nxe4 Qxd4 20. Bf3 Ne5 21. Rfd1 Qb6 22. Nd6 Nxf3+ 23. gxf3 Re6 24. Kh1
Rg6 25. Qb2 {Gatterer,F (2267)-Fuchs,G (2308) Austria 2012 0-1 (44)}) 11. Qe2
b5 12. Rac1 Bb7 13. Rc2 Ne4 14. Bxe7 Qxe7 15. Rfc1 Ndf6 16. h3 Rfc8 {1/2-1/2 
(16) Lengyel,L (2445)-Knezevic,M (2490) Sarajevo 1980}) (9... b6 10. cxd5 exd5
11. Bg3 (11. Rc1 Bb7 12. Qe2 Ne4 13. Bg3 Nxg3 14. hxg3 a6 15. Bb1 Re8 16. Ne5
Bd6 17. f4 Bxe5 18. fxe5 Nf8 19. Qh5 Re7 20. Rf4 Bc8 21. Rcf1 Be6 22. Rh4 Nd7
23. Ne2 Re8 24. Nf4 Qg5 25. Qf3 Qe7 {Dautov,R (2380)-Goehler,A (2220) Berlin
East 1986 1-0 (46)}) 11... Re8 12. Ne5 Nxe5 13. dxe5 Nd7 14. f4 Nf8 15. Ne2 c5
16. Nc3 Bb7 17. Qe2 a6 18. Rad1 Bh4 19. Be4 Bxg3 20. hxg3 dxe4 21. Rxd8 Raxd8
22. Rd1 Ne6 23. Rd6 Rxd6 24. exd6 {Khalifman,A (2628)-Barua,D (2550) Las Vegas
1999 1-0 (32)}) (9... dxc4 10. Bxc4 b5 11. Be2 $11) 10. Rc1 Ne8 11. Bxe7 {
White forks: f8+d8} Qxe7 12. Re1 f5 13. a3 Nef6 14. Nd2 Qh7 15. cxd5 exd5 16.
f3 {Covers e4+g4} Re8 17. e4 fxe4 (17... Nb6 $5 $16) 18. fxe4 dxe4 19. Ncxe4
Rf8 20. Qb3+ Kh8 (20... Nd5 21. Nf3 $16) 21. Nd6 $18 Nb6 22. Rf1 {White has a
very active position} (22. Nf3 Nfd5 $18) 22... Nbd5 $2 {A valuable piece} (
22... Bg4 23. Bc2 $14) 23. h4 (23. N2c4 Nd7 $18) 23... h5 $2 (23... Qc7 24.
N2c4 Kg7 $16) 24. N2e4 $4 {White has let it slip away} (24. N2c4 Be6 25. Rce1
Bg8 $18) 24... Qh6 $4 (24... Qe7 $142 $11 {and Black can hope to live}) 25. Ng5
$18 Qg7 26. Qc2 (26. Nc4 $142 Bf5 27. Bxf5 gxf5 28. Ne6 $18) 26... Bf5 $4 {
cause more grief} (26... Ne3 $142 27. Qc5 Bg4 $16) 27. Bxf5 $18 Nh7 (27... gxf5
{hardly improves anything} 28. Qxf5 Qc7 $18) 28. Rce1 (28. Ngf7+ $142 {and
White can celebrate victory} Rxf7 29. Nxf7+ Qxf7 30. Bxg6 $18) 28... Qxd4+ (
28... Nxg5 29. hxg5 Qxd4+ 30. Qf2 Qxf2+ 31. Rxf2 gxf5 $16) 29. Kh1 (29. Qf2
Qxf2+ 30. Rxf2 Nxg5 31. Bxg6 Rxf2 32. Kxf2 Rf8+ 33. Kg3 $16) 29... Qxh4+ $4 (
29... Nxg5 $142 30. hxg5 Ne3 $11) 30. Kg1 $4 {throws away the game} (30. Bh3
$142 {White has the better game} Qxg5 31. Nf7+ Rxf7 32. Rxf7 $18) 30... Qd4+ $4
{with this move Black loses his initiative} (30... Nxg5 31. Be4 Rxf1+ 32. Rxf1
Nxe4 33. Qxe4 Qxe4 34. Nxe4 $19) 31. Kh1 $2 (31. Qf2 $142 Qxf2+ 32. Rxf2 Nxg5
33. Bxg6 Rxf2 34. Kxf2 Rf8+ 35. Bf5 $17) 31... Ne3 $4 {instead of simply
winning the game} (31... Nxg5 $142 {and Black has reached his goal} 32. Qd3
Qh4+ 33. Bh3 Kh7 $19) 32. Ngf7+ $18 Kg7 (32... Rxf7 {does not win a prize} 33.
Nxf7+ Kg7 34. Rxe3 Qxe3 35. Bxg6 Nf6 $18) 33. Qf2 (33. Rxe3 $142 {makes it
even easier for White} Rxf7 34. Rd3 $18) 33... Nxf5 $4 {but even a better move
would not have saved the game} (33... Rxf7 $142 34. Nxf7 Nxf5 35. Qxd4+ Nxd4
$18) 34. Nxf5+ gxf5 35. Qxd4+ Nf6 36. Rxf5 Rxf7 37. Rxf6 $1 {Deflection: e7}
Rxf6 (37... Rxf6 38. Re7+ {Mate attack Decoy Deflection}) 38. Re7+ Kg6 39. Qe4+
Rf5 40. Rxb7 (40. Re6+ Kg5 41. Qe3+ Rf4 42. Qe5+ Kg4 43. Rg6+ Kh4 44. Qg5#)
40... Raf8 $18 41. Qe6+ R5f6 42. Qe3 R8f7 43. Rxf7 (43. Qxa7 h4 44. Rxf7 Rxf7
$18) 43... Kxf7 (43... Rxf7 {is the last straw} 44. Kh2 Kf5 $18) 44. Qxa7+ Kg6
45. Qe3 Rf5 46. a4 Rf6 47. Qe4+ Kf7 48. Qh7+ Ke6 49. Qxh5 Rf1+ 50. Kh2 Rf5 51.
Qxf5+ $1 {a brilliant end} Kxf5 52. a5 (52. a5 Kg6 53. a6 Kh5 54. a7 Kg5 55.
a8=Q Kg6 56. g4 Kf6 57. Qe8 c5 58. Kg3 c4 59. Kh4 c3 60. bxc3 Kg7 61. Kg5 Kh7
62. Kf6 Kh6 63. Qh8#) 1-0

[Event "HokkaidoCh2018"]
[Site "?"]
[Date "2018.03.25"]
[Round "4.1"]
[White "YOSHII, Yukihiko"]
[Black "SUGIMOTO, Koichi"]
[Result "0-1"]
[WhiteElo "1783"]
[BlackElo "1960"]
[Annotator "Fritz 15 (30s)"]
[PlyCount "138"]
[SourceDate "2018.03.25"]

{D13: Slav Defence: Exchange variation without ...Bf5} 1. c4 c6 2. Nc3 d5 3.
cxd5 cxd5 4. d4 Nf6 5. Nf3 Nc6 6. h3 a6 (6... h6 7. Bf4 Bf5 8. e3 e6 9. Bd3
Bxd3 10. Qxd3 Bd6 11. Bxd6 Qxd6 12. O-O O-O 13. Rad1 Rac8 14. Nd2 Nd7 15. e4 a6
16. exd5 exd5 17. Rfe1 Rfe8 18. Nf1 Nf6 19. Ne3 g6 20. a3 Re7 21. Re2 {
Dimakiling,O (2373)-Laylo,D (2508) Manila 2014 1/2-1/2 (31)}) 7. Bf4 Bf5 8. a3
$146 {Controls b4} (8. e3 e6 9. Bd3 Bxd3 10. Qxd3 Bb4 11. O-O Bxc3 12. Qxc3 O-O
13. Nd2 Rc8 14. Rfc1 Qd7 15. Qa3 Na7 16. Nb3 Rxc1+ 17. Rxc1 Rc8 18. Rxc8+ Qxc8
19. Qc5 Nc6 20. Na5 Ne4 21. Qc2 Qd7 22. Nxc6 Qxc6 {Lau,D (2235)-Metz,H (2270)
Niedersachsen 1993 0-1 (49)}) 8... e6 9. e3 Bd6 10. Bg5 h6 11. Bxf6 {White
forks: g7+d8} Qxf6 {Black has the pair of bishops} 12. Bd3 O-O 13. Bxf5 Qxf5
14. O-O Rac8 15. Rc1 Na5 16. Nd2 b5 17. b4 {White threatens to win material:
b4xa5} Nc4 18. Ndb1 (18. Ncb1 Nb2 19. Qe2 Qd3 20. Qxd3 Nxd3 $15) 18... Rc6 $17
19. Rc2 Rfc8 20. Qc1 Nb6 21. Qd2 Kh8 22. Rfc1 Nc4 (22... e5 23. Rd1 $17) 23.
Qe1 Qd3 24. Qe2 Qg6 25. Kh1 f5 26. g3 Rf8 27. Kh2 (27. Nd1 e5 28. dxe5 Bxe5 $15
) 27... Rcc8 (27... h5 28. Qd3 $17) 28. f4 Qe8 29. Nd1 (29. Ra2 Rf7 $17) 29...
Qd7 (29... a5 $5 $17) 30. Nf2 Qb7 31. Nd3 Qb6 32. Nc5 Bxc5 (32... Rfe8 33. Nd2
$11) 33. bxc5 Qc6 34. Rc3 Rb8 35. Rb3 Qc7 36. Nd2 {[%cal Yf3e5,Yd2f3,Yb1d2]
The idea is Nb1-d2-f3-e5} Na5 37. Rb2 Kh7 38. Nf3 Nc4 {Here comes the
goal-getter} 39. Rb3 Qa5 {[%cal Ra5a3,Rc4a3,Gb3a3] Exerts pressure on the
isolated pawn} 40. Ne5 {A beautiful square!} Qa4 {Black threatens to win
material: Qa4xb3} 41. Qd3 Ra8 42. Rcb1 Qa5 43. g4 Qc7 (43... Nxe5 44. fxe5 Kh8
45. gxf5 Rxf5 46. R3b2 $11) 44. gxf5 Rxf5 45. Rg1 (45. Nf3 Na5 46. Nh4 Nxb3 47.
Rxb3 g6 $11) 45... Raf8 (45... Nxe5 46. fxe5 Kg8 47. Rc3 $11) 46. Ng6 $14 {
White threatens to win material: Ng6xf8} R8f6 {Black threatens to win material:
Rf6xg6} (46... R8f7 47. Rg2 $14) 47. Nh4 $16 Kh8 48. Nxf5 Rxf5 (48... exf5 $5
49. Rg3 Kh7 $16) 49. Rg3 g5 (49... Rf8 50. Rb4 $18) 50. Rb1 $18 gxf4 $2 (50...
Qa5 51. Rc1 Qc7 $18) 51. exf4 Rxf4 (51... Qxf4 {does not save the day} 52. Rbg1
$18) 52. Rbg1 (52. Qg6 $142 {keeps an even firmer grip} Rf2+ 53. Kg1 Qxg3+ 54.
Qxg3 Rf7 55. Qb8+ Kh7 $18) 52... Rf2+ (52... Rf6 53. Kh1 Rf8 54. Qg6 Qh7 55.
Qh5 Qe4+ 56. R1g2 Qb1+ 57. Kh2 Qh7 58. Rf3 Qc7+ 59. Kh1 Qg7 60. Rxg7 Kxg7 61.
Qg4+ Kh7 62. Rxf8 h5 63. Qg8+ Kh6 64. Rf6#) 53. R1g2 (53. Kh1 Qf7 54. Rg8+ Qxg8
55. Rxg8+ Kxg8 56. Qg3+ Kf8 57. Qxf2+ Ke7 58. Qh4+ Kd7 59. Qf6 Na5 60. Qf7+ Kd8
61. Qxe6 Kc7 62. Qb6+ Kd7 63. Qxa5 b4 64. axb4 Ke6 65. Qxa6+ Kf5 66. c6 h5 67.
c7 Kg5 68. c8=Q Kf4 69. Qf6+ Ke4 70. Qc2+ Ke3 71. Qff2#) 53... Qf4 (53... Rf6 {
is not the saving move} 54. Kh1 Qf7 55. Rg6 Rf1+ 56. Kh2 $18) 54. Rxf2 Qxf2+
55. Rg2 Qf4+ (55... Qf7 56. Kg1 Na5 57. Qd2 Qf6 58. Qxa5 Qxd4+ 59. Kh1 Qa1+ 60.
Rg1 Qf6 61. Qd2 Kh7 62. Qd3+ Kh8 63. c6 Qg7 64. c7 Qxg1+ 65. Kxg1 Kg7 66. c8=Q
a5 67. Qxe6 d4 68. Qxd4+ Kh7 69. Qf7#) 56. Qg3 Qf7 (56... Qxg3+ {is not much
help} 57. Rxg3 Na5 58. Rg6 $18) 57. Qh4 (57. Kg1 $142 {and the result of the
game is clear: White will win} Kh7 58. c6 h5 $18) 57... Kh7 58. Qg3 (58. Rf2
$142 {secures victory} Qc7+ 59. Kh1 $18) 58... Na5 $4 {weakening the position}
(58... Kh8 59. Kg1 Na5 $18) 59. Qd3+ Kh8 60. Qe3 (60. Kg1 $142 $5 {and White
can already relax} Nc6 $18) 60... Kh7 61. Qd2 {White threatens to win material:
Qd2xa5} (61. Qe2 $142 {and White takes home the point} Nc6 62. Qd3+ Kh8 63. Rg4
$18) 61... Nc6 $11 {The knight blocks c5} 62. Qd3+ Kh8 63. Qe3 Kh7 64. Qd3+ {
Twofold repetition} (64. Rf2 $142 {and the rest is a matter of technique} Qe7
$18) 64... Kh8 65. Kg1 Qf6 (65... Qf4 66. Rg4 Qc1+ 67. Kh2 h5 $18) 66. Rg6 (66.
Qg3 $5 {might be the shorter path} Qf8 67. Qd6 Qxd6 68. cxd6 Kh7 $18) 66...
Qxd4+ 67. Qxd4+ Nxd4 68. Rxh6+ Kg7 69. Rh4 (69. c6 $142 {finishes off the
opponent} Nxc6 70. Rxe6 $18) 69... Nf3+ $19 (69... Nf3+ 70. Kf1 Nxh4 $19) 0-1

[Event "HokkaidoCh2018"]
[Site "?"]
[Date "2018.03.25"]
[Round "4.2"]
[White "DRAKAKIS, Athanasios"]
[Black "KIMURA, Ryota"]
[Result "1/2-1/2"]
[WhiteElo "1827"]
[BlackElo "1625"]
[Annotator "Fritz 15 (30s)"]
[PlyCount "52"]
[SourceDate "2018.03.25"]

{D02: 1 d4 d5 2 Nf3 sidelines, including 2...Nf6 3 g3 and 2...Nf6 3 Bf4} 1. d4
Nf6 2. Nf3 d5 3. Bf4 Bf5 4. Nbd2 Nbd7 5. e3 e6 6. Be2 (6. c4 dxc4 7. Bxc4 Bd6
8. Bg3 Ne4 9. Nxe4 Bxe4 10. O-O O-O 11. Rc1 Rc8 12. Bd3 Bxd3 13. Qxd3 Bxg3 14.
hxg3 c6 15. Qa3 a6 16. Rfd1 Re8 17. Nd2 Qe7 18. Qxe7 Rxe7 19. Nc4 Nf6 20. a3
Ne4 {Roeder,M (2398)-Sprenger,J (2515) Germany 2012 1-0}) 6... Bd6 $146 (6...
h6 7. O-O Be7 8. c4 a5 9. Rc1 c6 10. h3 O-O 11. Ne5 Qb6 12. Nd3 Rfc8 13. c5 Qa7
14. a3 a4 15. Nb4 Ne4 16. Nb1 e5 17. Bh2 exd4 18. exd4 Ng5 19. Nc3 Ne6 20. g4
Bh7 21. Bd3 {Gemy,J (2332)-Aizpurua,P (2172) Tromso 2014 0-1 (58)}) 7. O-O O-O
8. Bxd6 cxd6 {Black has new doubled pawns: d5+d6} 9. Nh4 Bg6 10. Nxg6 fxg6 11.
c4 dxc4 12. Nxc4 d5 {Black threatens to win material: d5xc4.} 13. Nd2 Rc8 14.
Rc1 Qa5 15. a3 Rc7 16. Rxc7 Qxc7 17. Nf3 Ne4 18. Bd3 Ndf6 19. Ne5 {A classical
outpost} Nd6 20. h3 {Secures g4} Rc8 21. Qe2 Nfe4 22. Bxe4 Nxe4 23. Qg4 {
White threatens to win material: Qg4xe6} Qe7 24. Qe2 Qc7 25. Qg4 Qe7 {Twofold
repetition} 26. Qe2 Qc7 1/2-1/2

[Event "HokkaidoCh2018"]
[Site "?"]
[Date "2018.03.25"]
[Round "4.3"]
[White "SHIBUYA, Kaisei"]
[Black "MANABE, Hiroaki"]
[Result "1/2-1/2"]
[WhiteElo "1582"]
[BlackElo "1723"]
[Annotator "Fritz 15 (30s)"]
[PlyCount "99"]
[SourceDate "2018.03.25"]

{C02: French: Advance Variation} 1. e4 e6 2. d4 d5 3. e5 c5 4. c3 Nc6 5. Nf3
Nge7 6. Bg5 (6. dxc5 Ng6 7. Be3 Ngxe5 8. Nxe5 Nxe5 9. Nd2 Qc7 10. b4 b6 11.
Bb5+ Bd7 12. cxb6 axb6 13. Bxd7+ Nxd7 14. Qb3 Bd6 15. Nf3 O-O 16. O-O Rfc8 17.
Rfc1 Ne5 18. Nxe5 Bxe5 19. g3 b5 20. a4 bxa4 {Honfi,K (2370)-Moskalenko,V 
(2500) St Ingbert 1989 0-1 (51)}) 6... Qb6 7. Qb3 $146 (7. Bxe7 Bxe7 8. Qd2 Bd7
9. Be2 Rc8 10. O-O cxd4 11. cxd4 O-O 12. Nc3 Na5 13. Rac1 Nc4 14. Bxc4 Rxc4 15.
Ne2 Bb4 16. Qe3 Bb5 17. a3 Be7 18. Nc3 Bd7 19. Qd2 Rfc8 20. b4 a5 21. Na2 axb4
{Bazlov,Y (2163)-Golubkov,A (2302) Vladivostok 2009 0-1 (58)}) 7... Qxb3 8.
axb3 cxd4 9. Bxe7 (9. cxd4 Nf5 10. Ra4 Bd7 $15) 9... Bxe7 $17 10. Nxd4 Nxd4 (
10... Nxe5 11. f4 Nc6 12. Nxc6 bxc6 13. Nd2 $17) 11. cxd4 {Black has the pair
of bishops.} Bd7 12. Nc3 Bb4 {The bishop feels good on b4} (12... f6 13. f4 $17
) 13. Be2 O-O 14. O-O Rfc8 15. Rfc1 a6 {Controls b5} 16. Na4 Bxa4 17. bxa4 {
Opposite coloured bishops appeared} Bd2 {Black threatens to win material:
Bd2xc1} 18. Rd1 {White threatens to win material: Rd1xd2} Rc2 19. b3 (19. Rab1
$5 Bb4 20. Kf1 $15) 19... Rac8 (19... Bc3 20. Bd3 Rb2 21. Rab1 Bxd4 22. Rxb2
Bxb2 23. f4 $17) 20. Bd3 Rb2 21. Rab1 Rxb1 22. Rxb1 Rc1+ (22... Ba5 23. Kf1 Bb6
24. Rd1 $17) 23. Rxc1 $15 {White has a mate threat} Bxc1 24. b4 (24. Kf1 Bb2
$15) 24... Bb2 $17 25. a5 Bc3 26. b5 axb5 27. Bxb5 Bxa5 28. f4 Bb6 29. Kf2
Bxd4+ 30. Kf3 f6 31. exf6 gxf6 32. g4 (32. Bd7 $5 Kf7 33. f5 exf5 34. Bxf5 $17)
32... Kf7 33. h4 e5 34. f5 $2 (34. Bd7 e4+ 35. Ke2 Ke7 $19) 34... Bc5 (34... h6
$142 $5 {seems even better} 35. Bd7 e4+ 36. Kg2 $19) 35. Ba4 Kg7 (35... e4+ $5
36. Kf4 Ke7 37. g5 fxg5+ 38. hxg5 Bd6+ 39. Ke3 $19) 36. Bb3 $17 d4 37. Ke4 Be7
38. Ba2 h5 $1 {Black is still in the lead} 39. gxh5 Kh6 40. Bf7 b5 (40... Bb4
41. Bd5 $17) 41. Kd3 b4 42. Kc4 b3 43. Kxb3 e4 44. Kc2 Bb4 45. Kb3 e3 {He
broke from his leash} 46. Bc4 Bc3 (46... Be1 $5 $17) 47. Be2 $11 Be1 {Black
threatens to win material: Be1xh4} 48. Kc4 {White threatens to win material:
Kc4xd4} Bxh4 49. Kxd4 Bf2 50. Kd5 1/2-1/2